Регионална библиотека "Любен Каравелов" - Русе

Избрани творби (Запис номер 151618)

MARC детайли
000 -Лидер
Контролно поле с фиксирана дължина 02291nam a2200397 c 4500
003 - Код на организацията, давaща контролен номер
Контролно поле BLK
005 - Дата и час на последна редакция
Контролно поле 20230801113815.0
008 - Елементи от данни с фиксирана дължина
fixed length control field 180410b bul|||||r ||||||| ||bul||
010 ## - Наследен системен номер
LC control number KNG00158023000
040 ## - Източник на каталожния запис
Идентификатор на билиотеката - собственик на записа BLK
041 ## - Код за език
Код за езика на текст/звукозапис или на отделно заглавие Български
Код за езика КДБФ Български
080 ## - УДК
Текстов определител УДК Немска литература
УДК код - определител по УДК 821.112.2
УДК определител (081)
УДК - код + определител 821.112.2(081)
080 ## - УДК
Текстов определител УДК Театър. Сценично изкуство. Вж 725.82; 782; 82-2
УДК код - определител по УДК 792
УДК - код + определител 792
080 ## - УДК
Текстов определител УДК Литературна естетика. Философия на литературата
УДК код - определител по УДК 82.01
УДК - код + определител 82.01
100 1# - Редна дума - Автор
Автор Брехт, Бертолт
Авторска отговорност първи автор
R(LIN) 370917
139 ## - Редно поле
Редна дума Брехт, Бертолт
Авторски знак Бре - Б 80
245 10 - Сведения за заглавието
Заглавие Избрани творби
Подзаглавни данни В 4 т.
Редно поле (дума) Бертолт Брехт; ред. кол. Венцеслав Константинов; с предг. от Вернер Митенцвай; състав. Константин Илиев; прев. на том Вили Брюкнер.
Том Т. 4.
Заглавие на том Размисли върху театъра и литературата
257 ## - Страна на издаване
Страна на създаване/издаване Германия
260 ## - Област на издателските данни
Име на издателя, разпространителя и проч. Нар. култура
Година на издаване 1983 -
300 ## - Физическа характеристика
Размери/Мащаб 21 см
380 ## - Жанр
Жанр Худож. лит.
500 ## - Общи забележки
Забележка Други ред.: К. Илиев, Н. Попова.
600 14 - Име на лице, използвано като предмет
За него / За нея Брехт, Бертолт
9 (RLIN) 370917
700 1# - Други автори (авторска отговорност)
Лично име Константинов, Венцеслав
Автороска отговорност (Описва отношението между автора и произведението) ред. кол.
9 (RLIN) 367608
700 1# - Други автори (авторска отговорност)
Лично име Митенцвай, Вернер
Автороска отговорност (Описва отношението между автора и произведението) с предг. от
9 (RLIN) 97216
700 1# - Други автори (авторска отговорност)
Лично име Брюкнер, Вили
Автороска отговорност (Описва отношението между автора и произведението) прев. на том
9 (RLIN) 377990
700 ## - Други автори (авторска отговорност)
Лично име Илиев, Константин Илиев
Дати, свързани с автора 1937-
9 (RLIN) 407884
760 1# - Описание на основната серия
Редна дума на основното описание Брехт, Бертолт
Място на издаване, издател и година 1985
Страници - том 501 с.
Забележка - том Прев. е направен от Gesammelte Werke in 8 Banden / Bertolt Brecht. - Други прев.: В. Константинов, Б. Мирчев. - В кн. озн. 1. и 2. изд. - 9 125 тир. - Съдържа и Бертолт Брехт - живот и дати.
Заглавие Т. 4. Размисли върху театъра и литературата
852 ## - Местоположение
Форматна сигнатура Цб 120062
856 4# - Електронен адрес и достъп
Електронен формат pdf - файл
856 4# - Електронен адрес и достъп
Електронен формат pdf - файл
942 ## - АРТИКУЛИ
Вид на библиотечния материал Книги
Скрит в OPAC Не
Koha issues (borrowed), all copies 2
944 ## - СЪЗДАВАНЕ И РЕДАКЦИЯ на ЗАПИСА
Създаване/Редакция Създаване
Дата на регистрацията/редакция 17.03.2014
Статус, дата на статуса Теодора Пейчева-Дянкова
Служител, извършил регистрацията/редакцията 30556
944 ## - СЪЗДАВАНЕ И РЕДАКЦИЯ на ЗАПИСА
Създаване/Редакция Редакция
Дата на регистрацията/редакция 20.02.2018
Статус, дата на статуса 17.03.2014 - от С1,Р / 17.03.2014
Служител, извършил регистрацията/редакцията Виолета_Тройчева
999 ## - СИСТЕМНИ КОНТРОЛНИ НОМЕРА
Koha biblionumber 151618
Koha biblioitemnumber 151618
999 ## - СИСТЕМНИ КОНТРОЛНИ НОМЕРА
Koha biblioitemnumber 151618
Наличности
Код за отписване Код за изгубен артикул Източник на класификационната схема Код за повреда Коз за рестрикции Код за отдаване Артикулен № Име на библиотеката - собственик Име на библиотеката, в която се намира в момента Статус (Текущо местоположение) Дата на вписване в системата Местоположение - отдел Цена в лева Инвентарен номер Систематично азбучна сигнатура Баркод Номер на екземпляра Цена в евро Служебна бележка Служебен тип на артикула
  Не е изгубен Universal Decimal Classification Не е повреден без рестрикции ползва се в читалня 253216 Регионална библиотека "Любен Каравелов" Русе Регионална библиотека "Любен Каравелов" Русе Хранилище 1985-01-01 Хранилище 3.55 456250 Цб 120062 900000010906 1 1.82 N: стар фонд Дата: 01.01.1985 Книги
Изтеглен Не е изгубен Universal Decimal Classification Не е повреден без рестрикции заемане за дома 253217 Регионална библиотека "Любен Каравелов" Русе Регионална библиотека "Любен Каравелов" Русе Заемна - подръчен фонд 1985-01-01 Заемна - подръчен фонд 3.55 471949 П 830(081)/Б 80 471949 2 1.82 N: стар фонд Дата: 01.01.1985 Книги
Изтеглен Не е изгубен Universal Decimal Classification Не е повреден без рестрикции заемане за дома 253218 Регионална библиотека "Любен Каравелов" Русе Регионална библиотека "Любен Каравелов" Русе Заемна - подръчен фонд 1985-01-01 Заемна - подръчен фонд 3.55 471950 П 830(081)/Б 80 471950 3 1.82 N: стар фонд Дата: 01.01.1985 Книги
  Не е изгубен Universal Decimal Classification Не е повреден без рестрикции заемане за дома 253219 Регионална библиотека "Любен Каравелов" Русе Регионална библиотека "Любен Каравелов" Русе Дубликат 1985-01-01 Заемна - подръчен фонд 3.55 471951 П 830(081)/Б 80 120000471951 4 1.82 N: стар фонд Дата: 01.01.1985 Дата инв: 16.02.2018 Бележки инв: П2018 Книги
  Не е изгубен Universal Decimal Classification Не е повреден без рестрикции заемане за дома 253220 Регионална библиотека "Любен Каравелов" Русе Регионална библиотека "Любен Каравелов" Русе Заемна - подръчен фонд 1985-01-01 Заемна - подръчен фонд 3.55 471956 П 830(081)/Б 80 120000471956 5 1.82 N: стар фонд Дата: 01.01.1985 Дата инв: 12.02.2018 Бележки инв: П2018 Книги
Vip Innovations Ltd, Rousse, Bulgaria 2025